Normal view
MARC view
Entry Personal Name
001 - CONTROL NUMBER
- control field: 37511
003 - CONTROL NUMBER IDENTIFIER
- control field: ARRUPE
005 - DATE AND TIME OF LATEST TRANSACTION
- control field: 20171110081708.0
008 - FIXED-LENGTH DATA ELEMENTS
- fixed length control field: 171110|| aca||aabn | a|a d
040 ## - CATALOGING SOURCE
- Original cataloging agency: ARRUPE
- Transcribing agency: ARRUPE
100 ## - HEADING--PERSONAL NAME
- Personal name: Swedenborg, Emanuel
- Dates associated with a name: 1688-1772
- General subdivision: Arcana coelstia
670 ## - SOURCE DATA FOUND
- Source citation: Work cat.: (ARRUPE): Kant, Swedenborg Oetinger 37509, Three persectives on the secrets of heaven, 2007